[Event "Barcelona Sant Marti op 10th"]
[Site "Barcelona"]
[Date "2023.02.23"]
[Round "7"]
[White "Pinyol I Llora, Julia"]
[Black "Garcia Martinez, Josep"]
[Result "1-0"]
[WhiteElo "1795"]
[BlackElo "1956"]
[PlyCount "81"]
[EventDate "2023.01.12"]
[EventType "swiss"]
[EventRounds "9"]
[EventCountry "ESP"]
[SourceTitle "CBM 213 Extra"]
[Source "ChessBase"]
[SourceDate "2023.05.31"]
[SourceVersion "1"]
[SourceVersionDate "2023.05.31"]
[SourceQuality "1"]

1. d4 Nf6 2. c4 b6 3. Nf3 e6 4. g3 Ba6 5. b3 b5 6. Nbd2 bxc4 7. bxc4 Be7 8. Bg2 0-0 9. 0-0 d5 10. Ne5 c6 11. Re1 Nfd7 12. cxd5 Nxe5 13. dxe5 exd5 14. Bb2 Nd7 15. Nb3 Bb4 16. Rf1 Nb6 17. a3 Be7 18. Na5 Qd7 19. Rc1 c5 20. Nb3 Na4 21. Ba1 Rfd8 22. f4 Rab8 23. f5 Bg5 24. Rb1 Be3+ 25. Kh1 d4 26. f6 g5 27. Be4 Bb7 28. Qc2 Bxe4+ 29. Qxe4 Qb7 30. Nd2 Qxe4+ 31. Nxe4 c4 32. Rxb8 Rxb8 33. e6 fxe6 34. f7+ Kg7 35. Nd6 c3 36. Ne8+ Kf8 37. Nf6 Rd8 38. Nxh7+ Kg7 39. f8Q+ Rxf8 40. Nxf8 c2 41. Bxd4+ 1-0

[Event "Platja d'Aro op 8th"]
[Site "Platja d'Aro"]
[Date "2021.06.26"]
[Round "2"]
[White "Garcia Martinez, Josep"]
[Black "Vinolas Anglada, Laura"]
[Result "0-1"]
[WhiteElo "2045"]
[BlackElo "1881"]
[PlyCount "70"]
[EventDate "2021.06.25"]
[EventType "swiss"]
[EventRounds "9"]
[EventCountry "ESP"]
[SourceTitle "CBM 203 Extra"]
[Source "ChessBase"]
[SourceDate "2021.09.30"]
[SourceVersion "1"]
[SourceVersionDate "2021.09.30"]
[SourceQuality "1"]

1. e4 e5 2. Nf3 Nc6 3. Bb5 a6 4. Ba4 Nf6 5. 0-0 b5 6. Bb3 Bb7 7. Re1 Bc5 8. c3 0-0 9. d3 d5 10. exd5 Nxd5 11. Nbd2 Nf4 12. Ne4 Nxd3 13. Qxd3 Qxd3 14. Nxc5 Qg6 15. Nxb7 e4 16. Nd4 Ne5 17. Nc5 Nf3+ 18. Nxf3 exf3 19. g3 Qh5 20. Nd3 Rfe8 21. Re3 g5 22. Bd1 Rxe3 23. Bxe3 Rd8 24. Bc2 Qh3 25. Ne1 g4 26. Rd1 Rxd1 27. Bxd1 Qh5 28. b4 Qe5 29. Bb3 Qxc3 30. Nc2 Qd3 31. Ne1 Qe2 32. Ng2 fxg2 33. Kxg2 Qe1 34. Bc5 Qc3 35. Bd5 a5 0-1

[Event "Barcelona Sant Marti op 8th"]
[Site "Barcelona"]
[Date "2019.01.31"]
[Round "3"]
[White "Garcia Martinez, Josep"]
[Black "Garcia Sanchez, David Manrique"]
[Result "1-0"]
[WhiteElo "2058"]
[BlackElo "1822"]
[PlyCount "147"]
[EventDate "2019.01.17"]
[EventType "swiss"]
[EventRounds "9"]
[EventCountry "ESP"]
[SourceTitle "CBM 189 Extra"]
[Source "ChessBase"]
[SourceDate "2019.05.31"]
[SourceVersion "1"]
[SourceVersionDate "2019.05.31"]
[SourceQuality "1"]

1. e4 e5 2. Nf3 Nc6 3. Bb5 a6 4. Ba4 Nf6 5. 0-0 b5 6. Bb3 d6 7. Ng5 d5 8. exd5 Nd4 9. d6 Nxb3 10. dxc7 Qxc7 11. axb3 Bd6 12. Nc3 Bb7 13. d3 0-0 14. Nge4 Nxe4 15. Nxe4 Qc6 16. f3 Bc7 17. Be3 f5 18. Nc5 Bb6 19. b4 e4 20. fxe4 Bxc5 21. bxc5 fxe4 22. d4 Rxf1+ 23. Qxf1 Rf8 24. Qe2 Rf6 25. b3 Rg6 26. c4 bxc4 27. bxc4 Qe6 28. d5 Qe5 29. Rb1 Bc8 30. Kh1 Rf6 31. Qd2 Qf5 32. d6 Qd7 33. Qd5+ Kf8 34. Bg5 Bb7 35. Qd4 Re6 36. Be7+ Kg8 37. Rf1 Rxe7 38. dxe7 Qxe7 39. Qd6 Qe8 40. Qf4 h6 41. h3 e3 42. Re1 Qc6 43. Re2 Qxc5 44. Qb8+ Bc8 45. Qf4 Be6 46. Qxe3 Qxe3 47. Rxe3 Bxc4 48. Re7 g6 49. Ra7 Kf8 50. Kg1 Ke8 51. Kf2 h5 52. h4 Kf8 53. Ke3 Bf1 54. g3 Bb5 55. Kd4 Bf1 56. Ke5 Bd3 57. Ke6 Kg8 58. Kf6 Kh8 59. Kf7 Kh7 60. Kf8+ Kh8 61. Rd7 Bc2 62. Rc7 Be4 63. Kf7 Kh7 64. Kf6+ Kg8 65. Rc8+ Kh7 66. Rc7+ Kg8 67. Rc4 Bb1 68. Rd4 Bc2 69. Rd2 Bb1 70. Rd6 a5 71. Ra6 Bd3 72. Rxa5 Bc2 73. Ra7 Kh8 74. Rg7 1-0

[Event "Girona op 1st"]
[Site "Girona"]
[Date "2010.07.15"]
[Round "3"]
[White "Garcia Martinez, Josep"]
[Black "Montpart Pons, Jordi"]
[Result "1-0"]
[WhiteElo "2119"]
[BlackElo "1937"]
[PlyCount "67"]
[EventDate "2010.07.13"]
[EventType "swiss"]
[EventRounds "9"]
[EventCountry "ESP"]
[SourceTitle "CBM 137 Extra"]
[Source "ChessBase"]
[SourceDate "2010.09.01"]
[SourceVersion "1"]
[SourceVersionDate "2010.09.01"]
[SourceQuality "1"]

1. e4 d5 2. exd5 Qxd5 3. Nc3 Qa5 4. d4 c6 5. Nf3 Bg4 6. h3 Bh5 7. g4 Bg6 8. Bd2 Qc7 9. h4 h6 10. Ne5 Bh7 11. Qf3 e6 12. g5 Bxc2 13. Rc1 Bf5 14. g6 fxg6 15. Bf4 Qb6 16. Nc4 Qd8 17. Ne4 Bb4+ 18. Ke2 Nf6 19. Ned6+ Bxd6 20. Nxd6+ Qxd6 21. Bxd6 Bg4 22. Qxg4 Nxg4 23. Bh3 h5 24. f3 Nf6 25. Bxe6 Nbd7 26. Rhg1 Nf8 27. d5 cxd5 28. Bxf8 Kxf8 29. Rc7 Re8 30. Rf7+ Kg8 31. Rxf6+ Kh7 32. Rfxg6 Re7 33. f4 d4 34. R1g5 1-0

[Event "Girona op 1st"]
[Site "Girona"]
[Date "2010.07.14"]
[Round "2"]
[White "Mirasol Obrador, Miquel"]
[Black "Garcia Martinez, Josep"]
[Result "0-1"]
[WhiteElo "1832"]
[BlackElo "2119"]
[PlyCount "96"]
[EventDate "2010.07.13"]
[EventType "swiss"]
[EventRounds "9"]
[EventCountry "ESP"]
[SourceTitle "CBM 137 Extra"]
[Source "ChessBase"]
[SourceDate "2010.09.01"]
[SourceVersion "1"]
[SourceVersionDate "2010.09.01"]
[SourceQuality "1"]

1. d4 Nf6 2. c4 b6 3. Nf3 e6 4. Nc3 Bb7 5. e3 Be7 6. Be2 0-0 7. 0-0 c5 8. b3 d5 9. Bb2 Nbd7 10. Rc1 Rc8 11. h3 Qc7 12. Qc2 dxc4 13. Bxc4 Bxf3 14. gxf3 cxd4 15. Nb5 Qe5 16. Nxd4 Qh5 17. Kg2 Qg5+ 18. Kh2 Bd6+ 19. f4 Qh6 20. Qe2 Rc5 21. Qf3 Rh5 22. Rg1 Kh8 23. Rg3 e5 24. Ne2 exf4 25. exf4 Rf5 26. Rcg1 Rxf4 27. Nxf4 Bxf4 28. Kg2 Bxg3 29. Qxg3 Qg6 30. Qxg6 fxg6 31. Re1 Re8 32. Rxe8+ Nxe8 33. Bb5 Ndf6 34. Be5 Kg8 35. Bb8 Kf8 36. Bxe8 Kxe8 37. Kf3 Kd7 38. Be5 Ke6 39. Bb2 g5 40. Ke3 g4 41. h4 Kf5 42. a4 h5 43. Ba3 Ke5 44. Bf8 Nd5+ 45. Kd3 Nf4+ 46. Kc4 Ne6 47. Ba3 g5 48. hxg5 Nxg5 0-1

[Event "Barcelona Sants op 01st"]
[Site "Barcelona"]
[Date "1999.??.??"]
[Round "2"]
[White "Pogorelov, Ruslan"]
[Black "Garcia Martinez, Josep"]
[Result "1-0"]
[WhiteElo "2485"]
[BlackElo "2025"]
[PlyCount "43"]
[EventDate "1999.08.??"]
[EventType "swiss"]
[EventRounds "9"]
[EventCountry "ESP"]
[SourceTitle "EXT 2000"]
[Source "ChessBase"]
[SourceDate "1999.11.16"]
[SourceVersion "1"]
[SourceVersionDate "1999.11.16"]
[SourceQuality "1"]

1. Nf3 Nf6 2. c4 e6 3. Nc3 b6 4. e4 Bb7 5. Bd3 d6 6. Bc2 Nbd7 7. d4 e5 8. 0-0 Be7 9. d5 0-0 10. h3 Re8 11. Be3 Bf8 12. b4 g6 13. Ba4 Bg7 14. Bc6 Bxc6 15. dxc6 Nf8 16. Qd3 Ne6 17. Nd5 Nxe4 18. Qxe4 f5 19. Qh4 e4 20. Qxd8 Rexd8 21. Ng5 Nf8 22. Rad1 1-0

[Event "Terrassa op-B"]
[Site "Terrassa"]
[Date "1996.??.??"]
[Round "8"]
[White "Catarineu Navines, Federico"]
[Black "Garcia Martinez, Josep"]
[Result "1/2-1/2"]
[WhiteElo "1950"]
[BlackElo "2035"]
[PlyCount "40"]
[EventDate "1996.07.??"]
[EventType "swiss"]
[EventRounds "9"]
[EventCountry "ESP"]
[SourceTitle "EXT 2002"]
[Source "ChessBase"]
[SourceDate "2001.11.25"]
[SourceVersion "1"]
[SourceVersionDate "2001.11.25"]
[SourceQuality "1"]

1. e4 e6 2. d4 d5 3. e5 c5 4. c3 Nc6 5. Nf3 Qb6 6. Be2 cxd4 7. cxd4 Nh6 8. b3 Nf5 9. Bb2 Bb4+ 10. Kf1 Be7 11. g3 0-0 12. Na3 a5 13. Nb5 Bd7 14. a4 Rac8 15. Kg2 f6 16. Rf1 fxe5 17. Nxe5 Nxe5 18. dxe5 Bc5 19. Qe1 Bc6 20. Bd3 Rf7 1/2-1/2

[Event "Terrassa op-B"]
[Site "Terrassa"]
[Date "1996.??.??"]
[Round "3"]
[White "Cortes Mamblona, Josep Manuel"]
[Black "Garcia Martinez, Josep"]
[Result "0-1"]
[WhiteElo "1955"]
[BlackElo "2035"]
[PlyCount "66"]
[EventDate "1996.07.??"]
[EventType "swiss"]
[EventRounds "9"]
[EventCountry "ESP"]
[SourceTitle "EXT 2002"]
[Source "ChessBase"]
[SourceDate "2001.11.25"]
[SourceVersion "1"]
[SourceVersionDate "2001.11.25"]
[SourceQuality "1"]

1. c4 e5 2. Nc3 Nf6 3. g3 Nc6 4. Bg2 Bc5 5. e3 0-0 6. Nge2 Re8 7. a3 a5 8. 0-0 e4 9. d4 exd3 10. Nf4 Bf8 11. Nxd3 d6 12. b3 Bf5 13. Nf4 Qd7 14. Bb2 Rad8 15. Ra2 h6 16. Ba1 Ne5 17. Rd2 c6 18. c5 g5 19. Nfe2 d5 20. e4 Bg4 21. f3 Bxc5+ 22. Kh1 Bh3 23. exd5 Be3 24. Rc2 Bf5 25. Ne4 Nxd5 26. Bxe5 Rxe5 27. Qa1 Qe7 28. Rd1 g4 29. fxg4 Bxe4 30. Bxe4 Rxe4 31. Qb1 Rxg4 32. Nc3 Nxc3 33. Rxd8+ Qxd8 0-1

[Event "Terrassa op-B"]
[Site "Terrassa"]
[Date "1996.??.??"]
[Round "7"]
[White "Cuadras Salleres, Jordi"]
[Black "Garcia Martinez, Josep"]
[Result "1/2-1/2"]
[WhiteElo "1940"]
[BlackElo "2035"]
[PlyCount "105"]
[EventDate "1996.07.??"]
[EventType "swiss"]
[EventRounds "9"]
[EventCountry "ESP"]
[SourceTitle "EXT 2002"]
[Source "ChessBase"]
[SourceDate "2001.11.25"]
[SourceVersion "1"]
[SourceVersionDate "2001.11.25"]
[SourceQuality "1"]

1. e4 e6 2. d4 d5 3. Nd2 Nc6 4. c3 e5 5. dxe5 dxe4 6. Bb5 Qd5 7. Qe2 Bf5 8. c4 Qe6 9. Nxe4 Bxe4 10. Qxe4 Bb4+ 11. Ke2 Nf6 12. Bxc6+ bxc6 13. Qd3 Qxe5+ 14. Qe3 Ng4 15. Qxe5+ Nxe5 16. b3 0-0 17. f4 Ng6 18. Nf3 Rfe8+ 19. Kf2 Bc5+ 20. Kg3 Re2 21. Kh3 Rae8 22. Bd2 Be3 23. Bxe3 R8xe3 24. Rad1 h5 25. Rhe1 Nxf4+ 26. Kg3 Rxe1 27. Rxe1 Rxe1 28. Nxe1 Ne2+ 29. Kf3 Nc1 30. Ke3 Nxa2 31. Kd4 a5 32. Nd3 Kf8 33. Kc5 Ke8 34. Kxc6 Kd8 35. Kb5 Nc3+ 36. Kxa5 Nd1 37. c5 Ne3 38. b4 Nxg2 39. b5 Ne3 40. b6 Nc4+ 41. Kb5 Nxb6 42. cxb6 cxb6 43. Kxb6 Ke7 44. Kc5 Kf6 45. Kd4 Kg5 46. Ke3 Kh4 47. Kf3 g5 48. Kg2 f6 49. h3 g4 50. Nf2 f5 51. hxg4 hxg4 52. Nd3 g3 53. Ne5 1/2-1/2

[Event "Terrassa op-B"]
[Site "Terrassa"]
[Date "1996.??.??"]
[Round "4"]
[White "Garcia Martinez, Josep"]
[Black "Puertas Saiz, Valentin"]
[Result "1-0"]
[WhiteElo "2040"]
[BlackElo "1700"]
[PlyCount "101"]
[EventDate "1996.07.??"]
[EventType "swiss"]
[EventRounds "9"]
[EventCountry "ESP"]
[SourceTitle "EXT 2002"]
[Source "ChessBase"]
[SourceDate "2001.11.25"]
[SourceVersion "1"]
[SourceVersionDate "2001.11.25"]
[SourceQuality "1"]

1. e4 d5 2. exd5 Qxd5 3. Nc3 Qd6 4. d4 Nf6 5. Nf3 a6 6. h3 Bf5 7. Bd3 Bxd3 8. Qxd3 Nc6 9. 0-0 0-0-0 10. Ng5 Qxd4 11. Nxf7 Qxd3 12. cxd3 Rg8 13. Nxd8 Kxd8 14. Ne4 Nxe4 15. dxe4 e5 16. Bg5+ Kc8 17. Rfd1 Bd6 18. Rac1 Rf8 19. Be3 Kd7 20. Bc5 Ke6 21. Kf1 Rf4 22. f3 Rf6 23. Kf2 h6 24. Rd3 Kd7 25. h4 h5 26. a4 Nd8 27. Rcd1 Nf7 28. g3 Kc8 29. Bxd6 Nxd6 30. Ke2 Re6 31. b3 Kd7 32. Ke3 Ke7 33. Rg1 Rg6 34. g4 Kf6 35. Rc1 Ne8 36. g5+ Ke7 37. Rd5 Re6 38. a5 c6 39. Rd2 Nd6 40. Rcd1 g6 41. Ke2 Kd7 42. Kd3 Kc7 43. Kc2 c5 44. Rd5 Kc6 45. Kb2 b5 46. axb6 Nb7 47. Rd7 Kxb6 48. Rf7 Nd6 49. Rf6 Rxf6 50. gxf6 Kc6 51. Rg1 1-0

[Event "Terrassa op-B"]
[Site "Terrassa"]
[Date "1996.??.??"]
[Round "5"]
[White "Lopez Gallego, Miguel Angel"]
[Black "Garcia Martinez, Josep"]
[Result "1-0"]
[WhiteElo "1940"]
[BlackElo "2035"]
[PlyCount "79"]
[EventDate "1996.07.??"]
[EventType "swiss"]
[EventRounds "9"]
[EventCountry "ESP"]
[SourceTitle "EXT 2002"]
[Source "ChessBase"]
[SourceDate "2001.11.25"]
[SourceVersion "1"]
[SourceVersionDate "2001.11.25"]
[SourceQuality "1"]

1. e4 e6 2. d4 d5 3. Nd2 Nc6 4. c3 e5 5. exd5 Qxd5 6. dxe5 Nxe5 7. Qc2 Nf6 8. Ngf3 Bc5 9. Be2 Neg4 10. 0-0 Bf5 11. Qa4+ Bd7 12. Qc4 Bc6 13. h3 Qxc4 14. Nxc4 Nxf2 15. b4 Nxh3+ 16. Kh2 Nf2 17. bxc5 N2e4 18. Bb2 Nxc5 19. Nce5 Be4 20. Ng5 0-0 21. Ba3 Rfe8 22. Ngxf7 Nd3 23. Nxd3 Kxf7 24. Nf4 Kg8 25. Bc4+ Kh8 26. Kg1 Rad8 27. Rad1 c6 28. Ne6 Rxd1 29. Rxd1 Bd5 30. Nc7 Bxc4 31. Nxe8 Nxe8 32. Rd8 Bf7 33. Rd7 Bxa2 34. Rxb7 Kg8 35. Rxa7 Bd5 36. Kf2 Nf6 37. Kg1 Ne4 38. Bb4 h5 39. Re7 Kh7 40. c4 1-0